| 000 | 00940nam0a22002291 4500 | ||
|---|---|---|---|
| 001 | rc\654612 | ||
| 005 | 20250621200928.0 | ||
| 035 | _a(NLR Aleph) 005894322 | ||
| 090 |
_a6210328 _c6210328 |
||
| 100 | _a20031121d1986 |||y0rusy50 ca | ||
| 101 | 0 | _arus | |
| 102 | _aRU | ||
| 105 | _ay ||||||||| | ||
| 200 | 1 |
_aХимикаты - добавки для полимерных материалов. Флотореагенты _eКаталог _fНИИ химикатов для полимер. материалов (НИИхимполимер), Отд-ние НИИ техн.-экон. исслед. (г. Черкассы) |
|
| 210 |
_aЧеркассы _cБ. и. _a[М.] _cНИИТЭхим _d1986 |
||
| 215 |
_a25 с. _d29 |
||
| 421 | 0 |
_12001#$aДополнение _1010$91260 _1210##$d1987 _1215##$a10 с. _tДополнение |
|
| 801 | 0 |
_aRU _bNLR _gpsbo |
|
| 801 | 1 |
_aRU _bELAR _2rusmarc |
|
| 852 |
_aNLR _bПт _j44.7/425 |
||
| 942 | _cBOOK | ||
| 980 | _aNB | ||